Tu viện thành Pacmơ

Bewaard in:
Bibliografische gegevens
Hoofdauteur: Đanxtanh
Andere auteurs: Huỳnh Lý (Dịch)
Formaat: Boek
Gepubliceerd in: H. Văn học 1981
Onderwerpen:
Tags: Voeg label toe
Geen labels, Wees de eerste die dit record labelt!
Thư viện lưu trữ: Trung tâm Học liệu Lê Vũ Hùng, Trường Đại học Đồng Tháp
LEADER 00845pam a22002298a 4500
001 00022197
005 20171026081022.0
008 110528s1981 ||||||Viesd
041 0 # |a Vie 
082 1 # |a 843  |b T500V 
100 0 # |a Đanxtanh 
245 0 0 |a Tu viện thành Pacmơ  |c Xtanhdan; Huỳnh Lý 
260 # # |a H.  |b Văn học  |c 1981 
300 # # |a 344 tr.  |c 19 cm. 
500 # # |a Văn học cổ điển nước ngoài - Văn học Pháp 
650 # 7 |2 Văn học cổ điển Pháp  |a Tiểu thuyết 
700 0 # |a Huỳnh Lý  |e Dịch 
852 # # |b Kho mượn  |j KM.0010186, KM.0010194, KM.0006376 
852 # # |b Kho đọc  |j KD.0007631 
852 # # |j KD.0007631  |j KM.0010186  |j KM.0010194  |j KM.0006376 
910 # # |a Hoa Lê  |d 28/05/2011 
980 # # |a Trung tâm Học liệu Lê Vũ Hùng, Trường Đại học Đồng Tháp